History Quiz

Random History Quiz

Monarchs of Romania Quiz Stats

 Plays Quiz not verified by Sporcle

Score 0/5 Timer 02:00
0 Plays Today
Reigned Monarch % Correct
1927-1930 ADMichael
90.2%
1940-1947 ADMichael
90.2%
1881-1914 ADCarol I
83.7%
1930-1940 ADCarol II
82.6%
1914-1927 ADFerdinand
59.8%

You're not logged in!

Compare scores with friends on all Sporcle quizzes.
OR
Log In

Show Comments

Extras

Created Mar 16, 2014ReportNominate
Tags:monarch, reigned, romania

Top Quizzes Today


Score Distribution

Your Account Isn't Verified!

In order to create a playlist on Sporcle, you need to verify the email address you used during registration. Go to your Sporcle Settings to finish the process.

Report this User

Report this user for behavior that violates our Community Guidelines.

Details: